Carregant...

Energy economics

Dades bibliogràfiques
Autor principal: DIWAN,Parag;SHAH,Chirag
Format: Printed Book
Publicat: Pentagon energy Press,ND 2009
Matèries:
LEADER 00546nam a2200193 4500
020 |c 1295 
082 |a 363.7 DIW-E 
100 |a DIWAN,Parag;SHAH,Chirag 
245 |a Energy economics 
250
260 |a Pentagon energy Press,ND  |c 2009 
300
490
500
590 |a MBC  |c 1295 
650 |a Environmental problems & services-- Social problems & services 
942 |c BK 
999 |c 115760  |d 115760 
952 |0 0  |1 0  |4 0  |6 363_700000000000000_DIWE  |7 0  |9 129227  |a ECN  |b ECN  |g 1295.00  |l 0  |o 363.7 DIW-E  |p ECN12780  |r 2019-09-25  |w 2019-09-25  |y BK